[Event "3rd GRENKE Chess Open 2018"]
[Site "Karlsruhe"]
[Date "2018.04.02"]
[Round "9"]
[White "Vijayalakshmi, Subbaraman"]
[Black "Milov, Leonid"]
[Result "1/2-1/2"]
[WhiteElo "2345"]
[BlackElo "2458"]
[Annotator "TA"]
[PlyCount "48"]
[EventDate "2018.??.??"]
[EventType "swiss"]
[EventCountry "GER"]
[SourceTitle "playchess.com"]
[Source "ChessBase"]
[SourceQuality "1"]

{[%evp 15,48,18,12,-13,-19,-27,-20,-35,-34,-37,-33,-42,-24,-37,-37,-34,-15,-24,-25,-29,-10,-14,45,4,38,33,93,93,93,93,89,77,82,12,172]} 1. Nf3 f5 2. d4 Nf6 3. g3 g6 4. Bg2 Bg7 5. b3 O-O 6. Bb2 a5 {A81: Dutch Defence: 2 g3} (6... d6 7. O-O c6 8. c4 a5 9. Nc3 Na6 10. Rb1 Qc7 11. d5 e5 12. dxe6 Bxe6 13. Ng5 Bd7 14. Qd2 Rad8 15. Rbd1 Bc8 16. Nh3 Nc5 17. Nf4 Ng4 {0-1 (31) Ftacnik,L (2552)-Navara,D (2737) Slovakia 2017}) 7. a4 d6 8. O-O Nc6 {LiveBook: 5 Games} 9. d5 $146 ({Find the theoretical novelty and annotate with similar games:} 9. Na3 Bd7 10. Nb5 Nb4 11. c3 Na6 12. Nd2 c6 13. Na3 Qc7 14. Nac4 Rad8 15. f3 f4 {1-0 (38) Ftacnik,L (2568)-Renner,C (2420) Nuremberg 2010}) 9... Nb4 10. c4 c6 {[%cal Rc6d5]} 11. Ne1 e5 12. dxe6 Bxe6 13. Na3 {[%cal Bb1a3,Ba3c4,Bc4b6][%mdl 32]} d5 14. Nd3 Qe7 15. Qc1 Ne4 16. cxd5 Bxd5 17. Nc4 Bxb2 18. Qxb2 Qf6 (18... Bxc4 $11 19. bxc4 Rfe8) 19. Qxf6 (19. Bxe4 {NOTEXT} Bxe4 20. Qxf6 Rxf6 21. Nc5 Rf7 22. Nb6) 19... Rxf6 (19... Nxf6 {NOTEXT} 20. Nc5 Rf7 21. Rfd1 Re7 22. e3 Kf8) 20. Nb6 Re8 (20... Rd8 $14) 21. Nxb4 $16 axb4 22. Nxd5 cxd5 {[#]} 23. Bxe4 $1 Rxe4 24. e3 (24. Ra2 $16) 24... Re8 $2 {Precision: White = 73%, Black = 37%.} (24... d4 $11 {and Black is okay.}) 1/2-1/2

[Event "3rd GRENKE Chess Open 2018"]
[Site "Karlsruhe"]
[Date "2018.04.02"]
[Round "9"]
[White "Baskin, Robert"]
[Black "Perske, Thore"]
[Result "0-1"]
[WhiteElo "2339"]
[BlackElo "2447"]
[Annotator "TA"]
[PlyCount "163"]
[EventDate "2018.??.??"]
[EventType "swiss"]
[EventCountry "GER"]
[SourceTitle "playchess.com"]
[Source "ChessBase"]
[SourceQuality "1"]

{[%evp 11,163,0,-1,-36,8,24,25,10,11,6,8,4,58,39,36,31,56,7,0,0,0,0,0,0,0,0,0,-39,-39,-39,-39,-37,-27,-39,-39,-39,-24,-25,-27,-39,-39,-57,-52,-52,-52,-65,-65,-65,-65,-65,-65,-65,-32,-37,-16,-65,-65,-65,-65,-65,-58,-83,-7,-7,-7,-7,-7,-7,-7,-8,-8,-8,0,-8,-8,-8,-8,-8,-8,-8,-8,-35,-35,-91,-92,-93,-93,-91,-91,-388,-212,-1699,-1168,-2840,-2448,-1324,-2307,-7427,-6720,-6319,-5712,-5158,-1637,-4694,-3593,-3120,-48,-48,-48,-47,-34,-34,-34,-29936,-29940,-12848,-8871,-757,-8,-8,-8,-29950,-29950,-29945,-29945,-29963,-29965,-29964,-29966,-29967,-29968,-29965,-74,-74,-8,-29969,-29971,-29971,-29972,-29970,-29973,-29972,-29973,-29971,-29974,-29974,-29974,-29972,-29973,-606,-599,-29983,-29984,-29984]} 1. e4 e6 2. d4 d5 3. exd5 exd5 4. Nf3 Bg4 5. c4 Bb4+ 6. Nc3 {C01: French: Exchange Variation} Nf6 {LiveBook: 4 Games} 7. h3 Be6 $146 ({Predecessor:} 7... Bh5 8. g4 Bg6 9. Bg2 O-O 10. O-O dxc4 11. Ne5 c6 12. Bg5 Nbd7 13. Nxc4 Re8 {½-½ (22) Spassky,B (2551)-Short,N (2676) Zuerich 2001}) 8. cxd5 {The position is equal.} Nxd5 9. Bd2 h6 10. Bd3 O-O 11. O-O ({Reject} 11. Nxd5 Bxd2+ 12. Nxd2 Bxd5 $15) 11... c5 (11... Nc6 $11) 12. Ne4 Nd7 13. dxc5 Bxc5 14. Nxc5 (14. Bxh6 $5 gxh6 15. Qc1 $11) 14... Nxc5 15. Bc4 Qf6 16. Bxd5 Bxd5 17. Bc3 Bxf3 18. Bxf6 Bxd1 19. Bd4 (19. Be7 {is interesting.} Ba4 20. Bxc5 Rfc8 21. Be3 Rc2 22. b3) 19... Be2 20. Bxc5 Bxf1 21. Bxf8 Bxg2 22. Bxg7 $1 Kxg7 23. Kxg2 $15 {[%mdl 4096] Endgame KR-KR} Rc8 24. a3 Rc2 25. b4 Rc3 26. a4 Rb3 27. b5 Rb4 28. Ra3 b6 29. Rg3+ Kf6 30. Rf3+ Ke7 31. Re3+ Kf8 32. Ra3 h5 {[%cal Bh6h5,Bh5h4][%mdl 32]} 33. Kf3 Kg7 34. Kg3 h4+ 35. Kf3 Kf6 36. a5 Rxb5 (36... Kg5 $1 $17) 37. axb6 $11 axb6 38. Ra4 Kg5 {Threatening ...Rb3+.} 39. Rg4+ Kh5 40. Rg7 Rf5+ 41. Ke3 Rf6 42. f4 Kh6 43. Rg4 Kh7 44. Rxh4+ Rh6 45. Rg4 $1 Rxh3+ 46. Ke4 Rh6 47. f5 ({White should try} 47. Rg5 $15) 47... b5 $1 $17 48. Kd5 Rf6 $1 49. Ke5 Rb6 $1 50. Rh4+ $2 {[%mdl 8192]} (50. Rb4 $17) 50... Kg7 $19 51. Rg4+ $2 (51. Rb4) 51... Kh6 52. Rb4 Kg5 53. Ke4 f6 54. Rb1 b4 55. Rg1+ Kh6 56. Rh1+ Kg7 $1 57. Rg1+ Kf7 58. Kd3 Ke7 $2 (58... b3 $1 $19 {White must now prevent ...Ke7.} 59. Kc3 b2) 59. Re1+ $1 $15 Kd7 {Threatens to win with ...b3.} 60. Kc2 $1 b3+ 61. Kb2 Rb5 62. Re3 $2 {[%mdl 8192]} (62. Rd1+ $15 Ke8 63. Ra1) 62... Rxf5 63. Kxb3 Rc5 $1 64. Re1 f5 $2 (64... Kd6 $19 {aiming for ...f5.} 65. Rf1 Ke6) 65. Kb4 $11 Kd6 {...Rc8 is the strong threat.} 66. Rd1+ $2 {[%mdl 8192]} (66. Rf1 $11) 66... Rd5 67. Re1 {[#]} Re5 $1 68. Rf1 Re4+ 69. Kc3 Ke5 70. Kd3 f4 71. Rf2 Kf5 $2 (71... Re3+ {mates} 72. Kd2 Ke4 73. Rh2 Kf3 74. Rh3+ Kf2 75. Rh2+ Kg3 76. Rh6 Ra3 77. Ke1 Ra1+ 78. Kd2 f3 79. Rg6+ Kf2 80. Rf6 Ra2+ 81. Kd1 Kg2 82. Rg6+ Kf1 83. Rg3 f2 84. Rg5 Ra3 85. Kd2 Ra2+ 86. Kd1 Ra3 87. Kd2 Ra2+ 88. Kd1) 72. Re2 $17 Ra4 ({Black should play} 72... Rb4 $17 {Strongly threatening ...f3.} 73. Re8 Kg4) 73. Kd2 $2 {[%mdl 8192]} (73. Rf2 $11) 73... Kg4 74. Ke1 Kg3 75. Re8 Ra1+ 76. Kd2 f3 77. Rg8+ {[#]} Kf2 $1 78. Rf8 Kg2 79. Rg8+ Kf1 80. Rf8 f2 81. Ke3 Ke1 82. Kd4 {Precision: White = 36%, Black = 65%.} 0-1